000 00671nam a2200205Ia 4500
001 661
003 GE_BSU
008 181216s||||||||xx |||||||||||||| ||und||
040 _cGE_BSU
080 _a811.512.16
100 _aკვანტალიანი ელიდა, წიკლაური მერი;
245 _aთურქული ენის სავარჯიშოების კრებული.
260 _aთბილისი
260 _b,,ეგრისი'',
260 _c1999
300 _a152 გვ.
541 _h5 ლ.
653 _aთურქული ენის სავარჯიშოები;
942 _cBK
999 _c34844
_d34844